00987cam a2200301Ia 4500008004100000020002500041100002900066245008500095260003300180300002100213500002000234504005600254650002700310650002700337651003900364651003700403651004300440650002500483650003600508651001700544650003200561650002500593650002400618651001600642003000100658005001700659040000900676  a9781848133204 (pbk.)1 aHarrison, Graham,d1968-10aNeoliberal Africa :bthe impact of global social engineering /cGraham Harrison. aLondon :bZed Books,cc2010. a178 p. ;c22 cm. aIncludes index. aIncludes bibliographical references (p. [149]-170). 0aNeoliberalismzAfrica. 0aGlobalizationzAfrica. 0aAfricaxEconomic conditionsy1960- 0aAfricaxSocial conditionsy1960- 0aAfricaxPolitics and governmenty1960-17aNeoliberalisme.2gtt17aSociaal-economisch beleid.2gtt 7aAfrika.2gtt07aWirtschaftsentwicklung2swd07aNeoliberalismus2swd07aGlobalisierung2swd 7aAfrika2swd20230123122012.0 cNUST